| 000 | 00435nam a2200157 a 4500 | ||
|---|---|---|---|
| 001 | 000016826 | ||
| 005 | 20200929164952.0 | ||
| 008 | 100310s1987 dr 001 0 spa d | ||
| 040 |
_aDO-SdBNP _bspa _cBNPHU |
||
| 082 |
_axxxx _bT628e |
||
| 100 | 1 |
_aTobal, Vinicio _935822 |
|
| 245 | 1 | 3 |
_aEl Estado como órgano de violencia / _cVinicio Tobal. |
| 260 |
_aSanto Domingo : _bPadrón, _c1987. |
||
| 300 |
_a131 p. ; _c22 cm. |
||
| 049 | _aBNPD | ||
| 999 |
_c16358 _d16358 |
||